000 00377nam a2200145 i 4500
001 bg
245 0 _aGruppovye konstanty dlja rasceta jadernych reaktorov /
_cAut.: L. P. Abagjan [i in.].
260 _aMoskva :
_bAtomizdat,
_c1964.
300 _as. 138.
040 _cBPK
041 _apol
080 _a621.039.5
942 _cKS
008 s pl f |000 0 pol
999 _c12692
_d12692
856 _uhttp://koha.tu.koszalin.pl/cgi-bin/koha/opac-detail.pl?biblionumber=12692
_yKatalog online BPK